000 00498nam a22001697a 4500
005 20240606134338.0
008 240606b |||||||| |||| 00| 0 eng d
020 _a9780071492164
082 _a006.78
_bPOW-A
100 _aPowell, Thomas A.
245 _aAjax:
_bThe Complete Reference /
_cThomas A. Powell
260 _aindia:
_bMcGraw-Hill;
_c2008.
300 _a670 p.:
_bill;
_c24 cm
500 _ainclude index.
650 _acomputer science/ web operating system
999 _c35857
_d35857